Statistiques concernant Quiz sur la Mongolie

Cliquez ici pour prendre le quiz!

Statistiques générales

  • Ce quiz a été pris 769 fois
  • Le résultat moyen est 10 sur 20

Statistiques - réponses

QuestionRéponse% Correct
Capitale et plus grande villeOulan-Bator
97%
Fondateur et premier Khan de l'Empire MongolGenghis Khan
82%
Désert majeur partagé par la Mongolie et la ChineGobi
78%
Religion la plus pratiquéeBouddhisme
72%
Pays situé de l'autre côté de ces montagnes qui n'a pas de frontière avec la MongolieKazakhstan
68%
Idéologie suivi par la Mongolie entre 1924 et 1992, ce qui explique ce nomCommunisme
66%
Type d'oiseau utilisé pour la chasse par les MongolsAigle
65%
Animal emblématique de la Mongolie, on en trouve un peu plus d'un par personneCheval
64%
La Mongolie est le pays le moins ____ du monde, devant la Namibie et l'AustralieDensément peuplé
63%
Vastes plaines couvertes de buissons qui sont caractéristiques de la régionSteppes
61%
Nom donné aux habitats mobiles des nomades mongolsGer ou Yourte
61%
Région chinoise qui a plus d'habitants d'origine mongole que la Mongolie elle-mêmeMongolie-{Intérieure}
57%
Ville qui fut la dernière capitale de l'Empire MongolPékin
29%
Signification du nom de celle-ciHéros {rouge}
26%
Petit-fils de ce dernier qui a conquis la Chine en 1279Kubilai Khan
26%
Dynastie de celui-ci, qui a dirigé la Chine jusqu'en 1368Yuan
23%
Secteur qui représente 80% des exportations de la MongolieSecteur minier
19%
Chaîne de montagnes majeure située à l'ouest du paysAltaï
17%
Chameau à deux bosses qui vit dans ce désert (ce n'est pas un dromadaire !)Chameau de B{actriane}
14%
Devise monétaireTugrik
10%

Distribution des résultats

Percentile par nombre de réponses

% des personnes avec chaque résultat

Votre développement - résultats

Vous n’avez pas pris ce quiz